| 000 | 00865nam a22003257a 4500 | ||
|---|---|---|---|
| 001 | 0007121 | ||
| 003 | KOHA_MİRAKIL | ||
| 005 | 20260207001546.0 | ||
| 007 | ta | ||
| 008 | 090915b2006 tu |||grw|||#0|||0|tur | | ||
| 020 | _c0,01 | ||
| 040 |
_aTR-BiSEU _btur _cTR-BiSEU _erda |
||
| 041 | 0 | _atur | |
| 044 | _ctu | ||
| 050 |
_aKKX3794 _b.T87 2006 |
||
| 245 | 0 | _aTürk ceza kanunu. | |
| 264 | 1 |
_aAnkara : _bAdalet Bakanlığı Yayın İşleri Daire Başkanlığı _c2006 |
|
| 300 | _a850 sayfa; 19 cm. | ||
| 336 |
_ametin _btxt _2rdacontent |
||
| 337 |
_aaracısız _bn _2rdamedia |
||
| 338 |
_acilt _bnc _2rdacarrier |
||
| 490 | 0 | _aKanunlar seri no. | |
| 490 | 0 | _a3. | |
| 650 | 0 |
_aCriminal law--Turkey. _96942 |
|
| 650 | 0 |
_aCeza hukuku--Türkiye. _96941 |
|
| 830 | 0 |
_aKanunlar seri no. _917587 |
|
| 830 | 0 |
_a3. _95553 |
|
| 907 | _aKanun | ||
| 942 |
_2lcc _cBK |
||
| 999 |
_c7102 _d7102 |
||